000 01644cam a2200421 i 4500
001 zz2007789614
003 NUKAT
005 20260419180337.0
008 070703s1902 pl |000 0 pol c
035 _a(OCoLC)176951331
035 _a(NUKAT)zz2007789614
040 _aPOZN U/HAAC
_bpol
_erda
_cPOZN U/MW
_dPOZN U/MW
_dOLSZT 003/ER
_dKAT U/DB
099 _atn_229465
100 1 _aSobieski, Wacław
_d(1872-1935).
_eAutor
_91298
245 1 0 _aNienawiść wyznaniowa tłumów za rządów Zygmunta III-go /
_cskreślił Wacław Sobieski.
260 _aWarszawa :
_bnakładem Stefana Dembego,
_c1902
_e(Warszawa :
_fDruk. P. Liskauera i W. Babickiego).
300 _a199, [4] strony ;
_c24 cm.
336 _aTekst
_btxt
_2rdacontent
337 _aBez urządzenia pośredniczącego
_bn
_2rdamedia
338 _aWolumin
_bnc
_2rdacarrier
380 _aKsiążki
510 4 _aPB'1902,
_cstrona 30
530 _aDostępna również wersja elektroniczna.
648 7 _a1601-1700
_2DBN
_936034
650 4 _aKontrreformacja.
_2DBN
_93182
650 7 _aTolerancja religijna
_2DBN
_935618
650 7 _aKontrreformacja
_zPolska
_y17 w.
_2kaba
_940289
650 7 _aTolerancja religijna
_zPolska
_y17 w.
_2kaba
_928270
651 7 _aPolska
_2DBN
_935076
651 7 _aPolska
_xżycie religijne
_y17 w.
_2kaba
_940288
658 _aHistoria
658 _aReligia i duchowość
658 _aSocjologia i społeczeństwo
710 2 _aPiotr Laskauer i S-ka.
_eDruk
_4prt
_912816
710 2 _aKsięgarnia Sortymentowo-Wydawnicza Stefana Dembego.
_eNakładca
_4pbl
_940287
856 4 1 _uhttps://www.sbc.org.pl/dlibra/publication/12546
942 _2ddc
_cBK_NM
999 _c27691
_d27691